Twenty thousand leagues under the sea / (Record no. 343328)
[ view plain ]
| 000 -LEADER | |
|---|---|
| fixed length control field | 00488nam a2200193Ia 4500 |
| 008 - FIXED-LENGTH DATA ELEMENTS--GENERAL INFORMATION | |
| fixed length control field | 170918s9999 xx 000 0 und d |
| 020 ## - INTERNATIONAL STANDARD BOOK NUMBER | |
| International Standard Book Number | 9781846650758 |
| 050 ## - LIBRARY OF CONGRESS CALL NUMBER | |
| Item number | V531 2006 |
| 100 ## - MAIN ENTRY--PERSONAL NAME | |
| Personal name | Verne, Jules |
| 245 ## - TITLE STATEMENT | |
| Title | Twenty thousand leagues under the sea / |
| 245 ## - TITLE STATEMENT | |
| Statement of responsibility, etc | by Jules Verne. |
| 260 ## - PUBLICATION, DISTRIBUTION, ETC. (IMPRINT) | |
| Place of publication, distribution, etc | London : |
| 260 ## - PUBLICATION, DISTRIBUTION, ETC. (IMPRINT) | |
| Name of publisher, distributor, etc | Charrles Baker Ltd., |
| 260 ## - PUBLICATION, DISTRIBUTION, ETC. (IMPRINT) | |
| Date of publication, distribution, etc | 2006 |
| 300 ## - PHYSICAL DESCRIPTION | |
| Extent | 114 pages : |
| 300 ## - PHYSICAL DESCRIPTION | |
| Other physical details | illustrations ; |
| 300 ## - PHYSICAL DESCRIPTION | |
| Dimensions | 22cm. |
| 300 ## - PHYSICAL DESCRIPTION | |
| Accompanying material | Charles baker classics. |
| Withdrawn status | Lost status | Damaged status | Home library | Current library | Date acquired | Total Checkouts | Full call number | Barcode | Date last seen | Price effective from | Koha item type |
|---|---|---|---|---|---|---|---|---|---|---|---|
| Stonyhurst Southville International School (Malarayat) | Stonyhurst Southville International School (Malarayat) | 09/18/2017 | FIC V531 2006 | SSISM2400 | 09/18/2017 | 09/18/2017 | Books |